[Event "European Youth Chess Championship G10"]
[Site "Prague, Top Hotel Prague"]
[Date "2016.08.20"]
[Round "3.20"]
[White "Mustafina, Yuliana"]
[Black "Karaivanova, Petya"]
[Result "0-1"]
[WhiteElo "1202"]
[BlackElo "1534"]
[PlyCount "140"]
[EventDate "2016.08.18"]

1. e4 e5 2. Nf3 Nc6 3. Bc4 Nf6 4. Ng5 d5 5. exd5 Nd4 6. c3 b5 7. Bf1 Nxd5 8.
cxd4 Qxg5 9. Bxb5+ Kd8 10. Qf3 Bb7 11. O-O Rb8 12. d3 Nf4 13. Bxf4 exf4 14. Bc6
Bxc6 15. Qxc6 Bd6 16. Qf3 Qf6 17. Qd5 g5 18. Nc3 h6 19. Ne4 Qe6 20. Qxe6 fxe6
21. Nxd6 cxd6 22. b3 Rb4 23. d5 e5 24. Rac1 Kd7 25. Rc4 Rxc4 26. dxc4 e4 27.
Re1 Re8 28. Kf1 Kc7 29. Re2 Kb6 30. b4 g4 31. Rc2 Rc8 32. a3 a6 33. c5+ dxc5
34. d6 Rd8 35. bxc5+ Kc6 36. a4 a5 37. Ke2 Rb8 38. Rc4 Re8 39. Kd2 Re5 40. Ke2
Re8 41. Kd2 h5 42. Ke2 h4 43. Rd4 f3+ 44. gxf3 exf3+ 45. Kf1 Kxc5 46. d7 Rd8
47. Rxg4 Rxd7 48. Re4 Rd1+ 49. Re1 Rxe1+ 50. Kxe1 Kb4 51. Kd2 Kxa4 52. Kc2 Kb4
53. Kb2 a4 54. Kb1 Kc3 55. Ka2 Kd2 56. Ka3 Ke2 57. Kxa4 Kxf2 58. Kb3 Kg2 59.
Kc2 f2 60. Kd2 f1=Q 61. h3 Qf3 62. Kc2 Qd5 63. Kc3 Kf3 64. Kb4 Qc6 65. Ka5 Qb7
66. Ka4 Ke3 67. Ka5 Kd4 68. Ka4 Kc3 69. Ka5 Kc4 70. Ka4 Qb4# 0-1

[Event "European Youth Chess Championship G10"]
[Site "Prague, Top Hotel Prague"]
[Date "2016.08.20"]
[Round "3.21"]
[White "Birkisdottir, Freyja"]
[Black "Melenchuk, Olga"]
[Result "0-1"]
[WhiteElo "1176"]
[BlackElo "1507"]
[PlyCount "104"]
[EventDate "2016.08.18"]

1. e4 e5 2. Nf3 Nc6 3. d4 exd4 4. Bc4 Bc5 5. c3 Nf6 6. cxd4 Bb4+ 7. Nbd2 Nxe4
8. O-O Nxd2 9. Re1+ Ne7 10. Bxd2 Bxd2 11. Qxd2 d5 12. Bd3 O-O 13. Rac1 c6 14.
h3 Nf5 15. Bxf5 Bxf5 16. Nh4 Qxh4 17. Re5 Bg6 18. Rce1 f6 19. Re7 Rab8 20. Kh2
Rfe8 21. g3 Qh6 22. Qxh6 gxh6 23. Rxe8+ Rxe8 24. Re3 Re4 25. Rxe4 Bxe4 26. g4
c5 27. dxc5 d4 28. Kg1 d3 29. Kf1 Bg2+ 30. Ke1 Bxh3 31. f3 Bg2 32. f4 Bf3 33.
Kd2 Bxg4 34. Kxd3 Kf7 35. Ke3 Ke6 36. Kf2 Kd5 37. Kg3 Bd7 38. Kh4 Kxc5 39. Kh5
Be8+ 40. Kxh6 Bg6 41. Kg7 h5 42. Kxg6 h4 43. f5 h3 44. Kxf6 h2 45. Ke7 h1=Q 46.
f6 Qe4+ 47. Kf8 Kd6 48. Kg7 Ke6 49. f7 Qg4+ 50. Kf8 Qg6 51. Ke8 Qxf7+ 52. Kd8
Qd7# 0-1

[Event "European Youth Chess Championship G10"]
[Site "Prague, Top Hotel Prague"]
[Date "2016.08.20"]
[Round "3.22"]
[White "Mikheeva, Galina"]
[Black "Sergejeva, Sofija"]
[Result "1-0"]
[WhiteElo "1477"]
[BlackElo "1191"]
[PlyCount "161"]
[EventDate "2016.08.18"]

1. e4 e5 2. Nf3 Nc6 3. Nc3 Nf6 4. d4 exd4 5. Nxd4 Bb4 6. Nxc6 bxc6 7. Bd3 d5 8.
exd5 cxd5 9. Qe2+ Be6 10. Bb5+ Nd7 11. Bc6 Bxc3+ 12. bxc3 Rb8 13. Bxd5 Nc5 14.
Bc6+ Nd7 15. Be3 O-O 16. Ba4 Bd5 17. O-O Nb6 18. Bb5 c6 19. Bd3 Qf6 20. Qg4
Rfe8 21. Bd4 Qh6 22. Rfe1 f6 23. Be3 g5 24. f4 Be6 25. Qg3 Qh4 26. Qxh4 gxh4
27. Bf2 Bc4 28. Be4 Bd5 29. Bf5 Na4 30. Bxa7 Rxe1+ 31. Rxe1 Ra8 32. Bd4 Nb2 33.
Be6+ Kg7 34. Bxd5 cxd5 35. Ra1 Kf7 36. Kf2 Ke6 37. Kf3 Kf5 38. Bf2 Ra4 39. g4+
Ke6 40. Bxh4 Nc4 41. Bg3 Nd2+ 42. Ke3 Nc4+ 43. Ke2 Ra3 44. Be1 Ra4 45. Kf3 Nd6
46. Bf2 Rc4 47. Bd4 Ne4 48. f5+ Ke7 49. Rb1 Ng5+ 50. Ke3 Ne4 51. Rb7+ Kd6 52.
Rb4 Rc8 53. a4 Re8 54. Kd3 Nc5+ 55. Bxc5+ Kxc5 56. Rf4 h6 57. h3 Re1 58. h4 Rh1
59. h5 Rh3+ 60. Kd2 Rh2+ 61. Kc1 Re2 62. Rb4 Re4 63. Rxe4 dxe4 64. Kd2 Kc4 65.
Ke3 Kd5 66. a5 Kc5 67. Kxe4 Kb5 68. Kd5 Kxa5 69. c4 Kb6 70. c5+ Kc7 71. c6 Kc8
72. Kd6 Kd8 73. c3 Kc8 74. c7 Kb7 75. Kd7 Kb6 76. c8=Q Kb5 77. Kd6 Ka4 78. Qc4+
Ka5 79. Qb4+ Ka6 80. Kc6 Ka7 81. Qb7# 1-0

[Event "European Youth Chess Championship G10"]
[Site "Prague, Top Hotel Prague"]
[Date "2016.08.20"]
[Round "3.23"]
[White "Vankova, Marie"]
[Black "Volovich, Julia"]
[Result "1-0"]
[WhiteElo "1162"]
[BlackElo "1435"]
[PlyCount "61"]
[EventDate "2016.08.18"]

1. e4 e6 2. d4 d5 3. exd5 exd5 4. Bd3 Bd6 5. Ne2 Ne7 6. O-O O-O 7. Be3 Nbc6 8.
Nbc3 Bf5 9. Bxf5 Nxf5 10. Qd3 Nxe3 11. fxe3 Ne7 12. Nf4 Bxf4 13. Rxf4 Ng6 14.
Rf5 c6 15. Raf1 Qe7 16. e4 dxe4 17. Nxe4 Rae8 18. Re1 Qh4 19. Re3 Qg4 20. Rg5
Qf4 21. Rgg3 Qc7 22. Rh3 f5 23. Ng5 Nf4 24. Qb3+ Nd5 25. Rxe8 Rxe8 26. Rxh7
Re1+ 27. Kf2 Qe7 28. Rh8+ Kxh8 29. Qh3+ Kg8 30. Qh7+ Kf8 31. Qh8# 1-0

[Event "European Youth Chess Championship G10"]
[Site "Prague, Top Hotel Prague"]
[Date "2016.08.20"]
[Round "3.24"]
[White "Hernandez, Tellez Claudia"]
[Black "Szuscikova, Natalie"]
[Result "1-0"]
[WhiteElo "1399"]
[BlackElo "1163"]
[PlyCount "99"]
[EventDate "2016.08.18"]

1. e4 c5 2. c3 d5 3. exd5 Qxd5 4. d4 Nf6 5. Nf3 Bg4 6. Be2 e6 7. O-O Be7 8.
dxc5 Qxc5 9. Be3 Qc8 10. Nbd2 O-O 11. Nd4 Bxe2 12. Qxe2 Rd8 13. N2f3 Nc6 14.
Nb3 Ng4 15. h3 Nge5 16. Rfd1 Qc7 17. Rac1 Rac8 18. Nxe5 Nxe5 19. Bxa7 Rxd1+ 20.
Rxd1 Ra8 21. Bd4 Nc4 22. Ra1 e5 23. Be3 Nxe3 24. Qxe3 Qc4 25. Qxe5 Bf6 26. Qc5
Qe2 27. Qc7 Qxb2 28. Qxb7 Re8 29. Qb5 Rd8 30. Qa5 Rd3 31. Re1 h6 32. Qf5 Rd8
33. Qa5 Rf8 34. Re3 Qb1+ 35. Kh2 Qg6 36. Rg3 Qe4 37. Re3 Qf4+ 38. Kg1 Bh4 39.
g3 Bxg3 40. Rxg3 Qf6 41. Qc5 Rd8 42. Qc4 Rd1+ 43. Kg2 h5 44. Qe2 Qc6+ 45. f3
Rd6 46. Qe5 f6 47. Qxh5 Qxc3 48. Qe8+ Kh7 49. Qg6+ Kh8 50. Qxg7# 1-0

[Event "European Youth Chess Championship G10"]
[Site "Prague, Top Hotel Prague"]
[Date "2016.08.20"]
[Round "3.25"]
[White "Chachiachvili, Salome"]
[Black "Smetisko, Renata"]
[Result "1-0"]
[WhiteElo "1391"]
[BlackElo "1138"]
[PlyCount "95"]
[EventDate "2016.08.18"]

1. e4 e5 2. Nf3 d6 3. Bc4 h6 4. c3 Nf6 5. d3 Nc6 6. Bb3 Be7 7. Nbd2 O-O 8. h3
Be6 9. Nf1 Bxb3 10. axb3 d5 11. Qe2 dxe4 12. dxe4 Qd6 13. Ng3 Rad8 14. O-O Qd3
15. Qxd3 Rxd3 16. Be3 Rfd8 17. b4 a6 18. Rfe1 Nh7 19. Nf5 Bg5 20. Bxg5 Nxg5 21.
Nxg5 hxg5 22. Ne3 Rd2 23. Nc4 Rc2 24. Rac1 Rxc1 25. Rxc1 f6 26. Ne3 g6 27. Nd5
Kf7 28. Re1 Rd7 29. Re3 Na7 30. Rf3 Kg7 31. Nxf6 Rd1+ 32. Kh2 Rb1 33. Ne8+ Kh6
34. Rf8 Kh7 35. Nxc7 Rxb2 36. Ne6 Rc2 37. Nxg5+ Kh6 38. Nf3 Rxf2 39. Ra8 Nb5
40. Nxe5 Nxc3 41. Ng4+ Kh5 42. Nxf2 Kh4 43. e5 a5 44. e6 axb4 45. e7 b3 46.
e8=Q b2 47. Qe7+ g5 48. Rh8# 1-0

[Event "European Youth Chess Championship G10"]
[Site "Prague, Top Hotel Prague"]
[Date "2016.08.20"]
[Round "3.26"]
[White "Karavitaki, Antonia"]
[Black "Rejniak, Zuzanna"]
[Result "0-1"]
[WhiteElo "1115"]
[BlackElo "1381"]
[PlyCount "88"]
[EventDate "2016.08.18"]

1. e4 c5 2. Nf3 e6 3. d4 cxd4 4. Nxd4 Nc6 5. Nc3 a6 6. f4 Nge7 7. Be3 Nxd4 8.
Bxd4 Nc6 9. Be3 Be7 10. a3 b5 11. Bd3 Bb7 12. O-O d5 13. exd5 exd5 14. Bf2 d4
15. Ne4 O-O 16. Bg3 f5 17. Nd2 Qd5 18. Nf3 Bf6 19. Qd2 Ne7 20. Rfe1 Ng6 21.
Rad1 Rad8 22. Bf1 Qa2 23. Qb4 d3 24. Qb3+ Qxb3 25. cxb3 Bxb2 26. Bxd3 Bxf3 27.
gxf3 Bxa3 28. Re6 Bd6 29. Bxb5 Bc5+ 30. Kg2 Rxd1 31. Rxa6 Be3 32. Bc4+ Kh8 33.
b4 Nxf4+ 34. Bxf4 Rg1+ 35. Kh3 Bxf4 36. b5 Rh1 37. Kg2 Rxh2+ 38. Kf1 g6 39. b6
Rb2 40. Bd5 Rc8 41. Ra1 Rc1+ 42. Rxc1 Bxc1 43. b7 h5 44. Ke1 Bf4 0-1

[Event "European Youth Chess Championship G10"]
[Site "Prague, Top Hotel Prague"]
[Date "2016.08.20"]
[Round "3.27"]
[White "Kowalczyk, Barbara"]
[Black "Zulfugarli, Mahluga"]
[Result "0-1"]
[WhiteElo "1100"]
[BlackElo "1373"]
[PlyCount "42"]
[EventDate "2016.08.18"]

1. e4 e5 2. Nf3 Nc6 3. Bc4 Bc5 4. d3 Nf6 5. Nc3 O-O 6. Bg5 h6 7. Bh4 d6 8. Nd5
Be6 9. Nxf6+ gxf6 10. Bb3 Kh7 11. c3 Bb6 12. Bc2 Qe7 13. h3 Rg8 14. O-O Bxh3
15. Bg3 Rxg3 16. Kh2 Rxg2+ 17. Kxh3 Rag8 18. Nh4 Qe6+ 19. Nf5 Bxf2 20. Qe2
R8g3+ 21. Kh4 Rh2# 0-1

[Event "European Youth Chess Championship G10"]
[Site "Prague, Top Hotel Prague"]
[Date "2016.08.20"]
[Round "3.29"]
[White "Zrmanovska, Mihaela"]
[Black "Olszewska, Wiktoria"]
[Result "0-1"]
[WhiteElo "1091"]
[BlackElo "1361"]
[PlyCount "136"]
[EventDate "2016.08.18"]

1. e4 c5 2. c3 d6 3. d4 cxd4 4. cxd4 Nf6 5. Nc3 e6 6. Nf3 a6 7. Bd3 b5 8. Be3
Bb7 9. O-O b4 10. Qa4+ Qd7 11. Qxd7+ Nbxd7 12. Ne2 Nxe4 13. Rac1 Nef6 14. Nd2
Nd5 15. Bg5 Be7 16. Bxe7 Kxe7 17. Nc4 Rhc8 18. Na5 Rxc1 19. Rxc1 Bc8 20. Be4
N7f6 21. Bf3 Bd7 22. Nc6+ Bxc6 23. Rxc6 Ra7 24. Rc4 Rc7 25. Rxc7+ Nxc7 26. Nf4
Nb5 27. d5 Nd4 28. dxe6 Nxf3+ 29. gxf3 fxe6 30. Kf1 Nd5 31. Nxd5+ exd5 32. Ke2
Ke6 33. Kd3 Ke5 34. Ke3 d4+ 35. Kd3 Kd5 36. f4 a5 37. f5 Ke5 38. f3 Kxf5 39.
Kxd4 Ke6 40. Kc4 Ke5 41. Kd3 g5 42. Ke3 h5 43. a3 bxa3 44. bxa3 a4 45. h3 d5
46. Ke2 Kf4 47. Kf2 d4 48. Ke2 d3+ 49. Kxd3 Kxf3 50. Kc4 Kg3 51. Kb4 Kxh3 52.
Kxa4 Kg3 53. Kb4 h4 54. a4 h3 55. a5 h2 56. a6 h1=Q 57. a7 Qa8 58. Kc4 Qxa7 59.
Kd3 Qc5 60. Ke4 Qd6 61. Ke3 Qf4+ 62. Kd3 Kf3 63. Kc3 Ke3 64. Kc2 Qd4 65. Kb3
Kd3 66. Ka3 Kc3 67. Ka2 Qb4 68. Ka1 Qb2# 0-1

[Event "European Youth Chess Championship G10"]
[Site "Prague, Top Hotel Prague"]
[Date "2016.08.20"]
[Round "3.31"]
[White "Simalcikova, Sara"]
[Black "Andrasunaite, Rusne"]
[Result "1-0"]
[WhiteElo "1071"]
[BlackElo "1312"]
[PlyCount "79"]
[EventDate "2016.08.18"]

1. e4 e5 2. Nf3 Nc6 3. Bc4 Be7 4. a3 Nf6 5. d3 O-O 6. O-O d5 7. exd5 Nxd5 8.
Re1 Nb6 9. Ba2 Bf6 10. Nc3 Bg4 11. h3 Bh5 12. Be3 h6 13. b4 Ne7 14. Ne4 Ned5
15. Bd2 Be7 16. Ng3 Bxf3 17. Qxf3 Bd6 18. Bxd5 Nxd5 19. Qxd5 c6 20. Qf3 Re8 21.
Qg4 Re6 22. Nf5 Rg6 23. Qe4 Kh7 24. Nh4 f5 25. Nxf5 Kh8 26. Nxd6 Rxd6 27. Qxe5
Rf6 28. Re4 Qb6 29. Be3 Qd8 30. Rg4 Qf8 31. Qc3 Rd8 32. Re1 Rf7 33. Bxh6 Rdd7
34. f3 Kh7 35. Bd2 Kg8 36. Re5 Rc7 37. Rh4 a6 38. Reh5 Rf6 39. Qc4+ Qf7 40.
Rh8# 1-0

[Event "European Youth Chess Championship G10"]
[Site "Prague, Top Hotel Prague"]
[Date "2016.08.20"]
[Round "3.37"]
[White "Aydin, Gulenay"]
[Black "Portero, Bravo Aitana"]
[Result "1/2-1/2"]
[WhiteElo "1373"]
[BlackElo "1228"]
[PlyCount "94"]
[EventDate "2016.08.18"]

1. e4 d6 2. d4 Nf6 3. Nc3 e5 4. dxe5 dxe5 5. Qxd8+ Kxd8 6. Nf3 Nbd7 7. Bg5 Be7
8. O-O-O Ng4 9. Rd2 f6 10. Bh4 c6 11. h3 Nh6 12. Bc4 g5 13. Bg3 Bb4 14. Rd3 Ke7
15. Nd2 b5 16. Bb3 a5 17. a3 Bxc3 18. Rxc3 c5 19. a4 b4 20. Rd3 Ba6 21. Bc4
Bxc4 22. Nxc4 Rhb8 23. b3 Nb6 24. Nxb6 Rxb6 25. Rhd1 Ra7 26. f3 Rc6 27. Bf2
Rac7 28. c4 Nf7 29. Rd5 h5 30. g4 h4 31. Kc2 Nh8 32. Be3 Ng6 33. R1d2 Nf8 34.
Rd8 Rc8 35. R8d5 R8c7 36. Rd1 Ne6 37. R5d2 Nd4+ 38. Bxd4 exd4 39. Kd3 Ke6 40.
Rg2 Ke5 41. Rf1 Kf4 42. Rff2 Re6 43. Rg1 Rce7 44. Rgg2 Rc7 45. Rg1 Rce7 46.
Rgg2 Rc7 47. Rg1 Rce7 1/2-1/2

[Event "European Youth Chess Championship G10"]
[Site "Prague, Top Hotel Prague"]
[Date "2016.08.20"]
[Round "3.38"]
[White "Pshevskaya, Yana"]
[Black "Rozmanec, Pia"]
[Result "0-1"]
[WhiteElo "1362"]
[BlackElo "1094"]
[PlyCount "162"]
[EventDate "2016.08.18"]

1. Nf3 Nc6 2. g3 e5 3. d3 d5 4. Nbd2 Nf6 5. e4 dxe4 6. dxe4 Bg4 7. Bg2 Qd7 8.
O-O O-O-O 9. Re1 h5 10. Re3 Qe6 11. Qf1 Nb4 12. Rc3 Kb8 13. Ng5 Qe8 14. Qc4 Rd7
15. Rb3 Qe7 16. a3 Rd4 17. Qc3 Na6 18. Qc6 Nc5 19. Qb5 Nxb3 20. Qxb3 h4 21.
Qxf7 Qxf7 22. Nxf7 Rh5 23. gxh4 Rd7 24. Ng5 Rxh4 25. Ngf3 Bxf3 26. Bxf3 Ng4 27.
Nf1 Bc5 28. Bg5 Rh5 29. Bxg4 Rxg5 30. h3 Rf7 31. Rd1 a6 32. Rd2 Rf3 33. Ng3 Rf6
34. Kg2 Rd6 35. Rxd6 Bxd6 36. Nf5 Rg6 37. Kf3 Rf6 38. Ke2 g6 39. Ng3 Bc5 40. f3
Rb6 41. b4 Bd4 42. Kd3 Bb2 43. c3 Bxa3 44. Nf1 c5 45. bxc5 Bxc5 46. Nd2 Rd6+
47. Kc2 Rd8 48. Nc4 Bd6 49. Nb6 Kc7 50. Nd5+ Kc6 51. Kb3 b5 52. Ne3 Rb8 53. Nd5
a5 54. Ne3 b4 55. Nd1 bxc3+ 56. Kxc3 a4 57. Kc2 a3 58. Nc3 Kc5 59. Be6 Kd4 60.
Bb3 Ke3 61. Bd5 Kd4 62. Ne2+ Ke3 63. Nc1 Kxf3 64. Nd3 Kg3 65. Be6 Rb6 66. Nc1
Bc5 67. Bc4 Kxh3 68. Nb3 a2 69. Kb2 Be3 70. Kxa2 g5 71. Bf1+ Kg3 72. Kb2 g4 73.
Kc2 Kf2 74. Bd3 g3 75. Nd2 Bxd2 76. Kxd2 g2 77. Bc4 g1=Q 78. Kc3 Qc1+ 79. Kd3
Qb1+ 80. Kd2 Rb2+ 81. Kc3 Qc2# 0-1

[Event "European Youth Chess Championship G10"]
[Site "Prague, Top Hotel Prague"]
[Date "2016.08.20"]
[Round "3.39"]
[White "Cornileau, Juliette"]
[Black "Deleu, Leen"]
[Result "1/2-1/2"]
[WhiteElo "1317"]
[BlackElo "1130"]
[PlyCount "68"]
[EventDate "2016.08.18"]

1. e4 e5 2. Nf3 Nc6 3. Nc3 Nf6 4. d4 Bb4 5. Bg5 h6 6. Bxf6 Qxf6 7. dxe5 Nxe5 8.
a3 Nxf3+ 9. Qxf3 Qxf3 10. gxf3 Bxc3+ 11. bxc3 O-O 12. O-O-O d6 13. Bc4 Re8 14.
Rhg1 Re5 15. Rg3 Rc5 16. Bb3 Rxc3 17. Rdg1 g5 18. h4 Kf8 19. hxg5 hxg5 20. Kd2
Rc5 21. Rxg5 Rxg5 22. Rxg5 Bd7 23. Rh5 Kg7 24. Rd5 Rh8 25. Rg5+ Kf6 26. Rd5 Be6
27. Rd3 Bxb3 28. cxb3 Rh2 29. Ke3 Rh5 30. Rc3 c5 31. a4 a6 32. Rc4 b5 33. axb5
axb5 34. Rc1 b4 1/2-1/2

[Event "European Youth Chess Championship G10"]
[Site "Prague, Top Hotel Prague"]
[Date "2016.08.20"]
[Round "3.40"]
[White "Poliato, Irina"]
[Black "Dallemura, Anna"]
[Result "1/2-1/2"]
[WhiteElo "1280"]
[BlackElo "1064"]
[PlyCount "82"]
[EventDate "2016.08.18"]

1. d4 Nf6 2. c4 e6 3. Nc3 Bb4 4. Bd2 Bxc3 5. Bxc3 b6 6. e3 Bb7 7. Nf3 O-O 8.
Be2 Ne4 9. Rc1 d6 10. O-O f5 11. Be1 Nd7 12. Qb3 c5 13. Nd2 Nxd2 14. Bxd2 Qg5
15. d5 e5 16. Qc3 Qf6 17. b4 Rac8 18. Qa3 a6 19. bxc5 Nxc5 20. Bb4 f4 21. Bxc5
Rxc5 22. e4 Qg5 23. f3 Rb8 24. Rb1 Qd8 25. Rb2 a5 26. Rfb1 Ba6 27. Qa4 h6 28.
h3 Kh7 29. Rb3 Rb7 30. Kh2 g6 31. Qa3 Rc8 32. Qb2 Rcb8 33. Bf1 Qc7 34. Qc3 Qc5
35. R1b2 h5 36. Qc2 Kh6 37. Qf2 Kg5 38. Qxc5 bxc5 39. g3 Rxb3 40. Rxb3 Rxb3 41.
axb3 Bc8 1/2-1/2

[Event "European Youth Chess Championship G10"]
[Site "Prague, Top Hotel Prague"]
[Date "2016.08.20"]
[Round "3.41"]
[White "Dubovik, Maria"]
[Black "Ratnesan, Radha"]
[Result "1-0"]
[WhiteElo "1274"]
[BlackElo "1074"]
[PlyCount "109"]
[EventDate "2016.08.18"]

1. d4 Nf6 2. c4 e6 3. Nc3 Bb4 4. Bg5 b6 5. e4 h6 6. Bxf6 Qxf6 7. a3 Bxc3+ 8.
bxc3 Bb7 9. Bd3 Qg6 10. Qf3 f5 11. d5 Qf6 12. Ne2 Rf8 13. exf5 exf5 14. O-O Na6
15. Nd4 f4 16. Rfe1+ Kd8 17. Qe2 Nc5 18. Bg6 c6 19. dxc6 Bxc6 20. Nxc6+ Qxc6
21. Qe7+ Kc7 22. Bh5 g6 23. Bf3 Rae8 24. Bxc6 Rxe7 25. Rxe7 Kxc6 26. Rh7 h5 27.
h4 Ne4 28. Rd1 Rd8 29. Rg7 Nxc3 30. Rxg6+ Kc7 31. Re1 d5 32. Re7+ Kb8 33. Rgg7
dxc4 34. Rb7+ Ka8 35. Rxa7+ Kb8 36. Rgb7+ Kc8 37. Rxb6 Rd1+ 38. Kh2 Ne4 39. Re6
Kb8 40. Rf7 Nd6 41. Rd7 c3 42. Re8+ Nxe8 43. Rxd1 Nc7 44. Rd4 c2 45. Rc4 Nb5
46. Rxc2 Nxa3 47. Rb2+ Kc7 48. Rb4 Kd6 49. Rxf4 Ke5 50. Ra4 Nc2 51. Ra5+ Kf4
52. Rxh5 Kg4 53. Rg5+ Kxh4 54. f4 Ne3 55. g3# 1-0

[Event "European Youth Chess Championship G10"]
[Site "Prague, Top Hotel Prague"]
[Date "2016.08.20"]
[Round "3.43"]
[White "Trasakova, Adela"]
[Black "Levchenko, Marina"]
[Result "0-1"]
[WhiteElo "1052"]
[BlackElo "1240"]
[PlyCount "96"]
[EventDate "2016.08.18"]

1. d4 d5 2. Nf3 Nf6 3. Bf4 Bg4 4. Nbd2 Nc6 5. e3 e6 6. h3 Bh5 7. c3 a6 8. Bd3
Bd6 9. Bxd6 cxd6 10. c4 O-O 11. a3 Rc8 12. O-O Qd7 13. Rc1 Ne8 14. b4 Nc7 15.
Qb3 f6 16. cxd5 exd5 17. Be4 Bf7 18. Bd3 Kh8 19. Qc2 h6 20. Bf5 Be6 21. Bg6 Ne7
22. Bd3 Na8 23. Qb3 Bf7 24. Bc2 Rfe8 25. Qa4 Qxa4 26. Bxa4 b5 27. Bc2 Nb6 28.
Nh4 Rc7 29. Nb3 Na8 30. Bb1 Rec8 31. Kh2 Nb6 32. Rxc7 Rxc7 33. Rc1 Rxc1 34.
Nxc1 Nc4 35. Ba2 Nxa3 36. Nd3 Kg8 37. Kg3 Kf8 38. Kf4 g5+ 39. Kg4 gxh4 40. Kxh4
Nc2 41. Kg3 Nc6 42. Kf3 N2xb4 43. Nxb4 Nxb4 44. Bb1 a5 45. Bf5 a4 46. Bd7 a3
47. Bxb5 a2 48. Be2 a1=Q 0-1

[Event "European Youth Chess Championship G10"]
[Site "Prague, Top Hotel Prague"]
[Date "2016.08.20"]
[Round "3.46"]
[White "Butenandt, Svenja"]
[Black "Kaliontzaki, Argyro Evanthia"]
[Result "1-0"]
[WhiteElo "1501"]
[BlackElo "1037"]
[PlyCount "129"]
[EventDate "2016.08.18"]

1. e4 c5 2. Nc3 a6 3. a4 e6 4. Bc4 Nc6 5. f4 Be7 6. Nf3 Nf6 7. O-O O-O 8. d3 d5
9. Ba2 Qd7 10. Ne5 Qd6 11. Nxc6 Qxc6 12. e5 Ne8 13. Bd2 Nc7 14. Rf3 Qb6 15. a5
Qc6 16. Rh3 g6 17. Qf3 Rd8 18. Be1 Ne8 19. Bb3 Ng7 20. Ne2 Bd7 21. Bh4 Bxh4 22.
Rxh4 Nf5 23. Rh3 d4 24. Qxc6 Bxc6 25. Ba4 Rac8 26. Bxc6 Rxc6 27. Ng3 Ne3 28.
Ne4 Nxc2 29. Rc1 Nb4 30. Rxc5 Rdc8 31. Nf6+ Kf8 32. Rxc6 Rxc6 33. Nxh7+ Ke7 34.
Kf1 Rc1+ 35. Kf2 Rc2+ 36. Kf1 Rxb2 37. Ng5 Rd2 38. Rh7 Nxd3 39. Rxf7+ Kd8 40.
Nxe6+ Kc8 41. Nxd4 Nxe5 42. fxe5 Rxd4 43. e6 Kd8 44. Rxb7 Ra4 45. Ra7 Rxa5 46.
Kf2 Ra2+ 47. Kf3 Ra3+ 48. Kg4 Ra5 49. Kf4 Ke8 50. h4 Kf8 51. e7+ Ke8 52. g4 Kf7
53. g5 Rf5+ 54. Kg4 Re5 55. h5 Rxe7 56. hxg6+ Kxg6 57. Rxe7 a5 58. Ra7 a4 59.
Rxa4 Kf7 60. Kf5 Kg7 61. Ra7+ Kf8 62. Ke6 Kg8 63. Kf6 Kh8 64. Kg6 Kg8 65. Ra8#
1-0

[Event "European Youth Chess Championship G10"]
[Site "Prague, Top Hotel Prague"]
[Date "2016.08.20"]
[Round "3.47"]
[White "Suarez, Gomez Paula"]
[Black "Lappi, Aurora"]
[Result "1-0"]
[WhiteElo "1011"]
[BlackElo "1372"]
[PlyCount "121"]
[EventDate "2016.08.18"]

1. e4 c5 2. Nf3 d6 3. d4 cxd4 4. Nxd4 g6 5. Nc3 Bg7 6. Be3 Nf6 7. f3 O-O 8. Qd2
Nc6 9. h4 a5 10. g4 h5 11. gxh5 Nxh5 12. Rg1 Nxd4 13. Bxd4 e5 14. Be3 Qxh4+ 15.
Bf2 Qf6 16. Be2 Nf4 17. Nd5 Nxd5 18. Qxd5 Be6 19. Qxd6 Rad8 20. Qa3 Qf4 21. Be3
Qh4+ 22. Bf2 Qf4 23. Qe3 Qf6 24. Rh1 Qe7 25. c3 Bf6 26. Qh6 Rfe8 27. Bh4 Bg7
28. Bxe7 Bxh6 29. Bxd8 Rxd8 30. Rxh6 Kg7 31. Rh2 f5 32. Rd1 Rf8 33. a3 fxe4 34.
fxe4 Rf4 35. Bd3 g5 36. Rg2 Bg4 37. Rdd2 Kg6 38. Rdf2 Rxf2 39. Kxf2 Bh3 40. Rg3
Bd7 41. Be2 Ba4 42. Bg4 Bc2 43. Bf5+ Kf6 44. Ke2 Bb3 45. Kd3 Kg7 46. Rxg5+ Kf7
47. c4 a4 48. Kc3 Ke7 49. Rg7+ Kd6 50. Rxb7 Bd1 51. Kb4 Bb3 52. Bd7 Bxc4 53.
Kxc4 Ke7 54. Bxa4+ Kd8 55. Kd5 Kc8 56. Rh7 Kd8 57. Ke6 Kc8 58. Kd6 Kb8 59. Kc6
Ka8 60. Kb6 Kb8 61. Rh8# 1-0

[Event "European Youth Chess Championship G10"]
[Site "Prague, Top Hotel Prague"]
[Date "2016.08.21"]
[Round "4.1"]
[White "Pawicka, Magdalena"]
[Black "Zvereva, Margarita"]
[Result "0-1"]
[WhiteElo "1501"]
[BlackElo "1930"]
[PlyCount "90"]
[EventDate "2016.08.18"]

1. e4 c5 2. Nf3 d6 3. d4 cxd4 4. Nxd4 Nf6 5. Nc3 a6 6. f3 e5 7. Nb3 Be7 8. Be3
Be6 9. Be2 Nbd7 10. O-O O-O 11. Qd2 Qc7 12. Rad1 Rfd8 13. Qc1 Nb6 14. f4 exf4
15. Bxf4 Rac8 16. Qe3 Nc4 17. Bxc4 Bxc4 18. Rf2 Ng4 19. Qg3 Nxf2 20. Qxf2 Bf6
21. Qg3 Be5 22. Bxe5 dxe5 23. Rxd8+ Rxd8 24. Qe3 b5 25. a3 Qd6 26. Nc5 Qb6 27.
b3 Be6 28. Kf2 Qd6 29. Nxe6 fxe6 30. Nb1 Qd1 31. Nc3 Qxc2+ 32. Ne2 Qd1 33. Qb6
Rf8+ 34. Ke3 Qxb3+ 35. Kd2 Qa2+ 36. Ke3 Qxa3+ 37. Kd2 Qa2+ 38. Ke3 a5 39. Qxb5
a4 40. Qxe5 Qb3+ 41. Kd2 a3 42. Qa1 Rd8+ 43. Ke1 Rd1+ 44. Qxd1 Qxd1+ 45. Kxd1
a2 0-1

[Event "European Youth Chess Championship G10"]
[Site "Prague, Top Hotel Prague"]
[Date "2016.08.21"]
[Round "4.2"]
[White "Ray, Hiya"]
[Black "Nadzamova, Viktoria"]
[Result "1-0"]
[WhiteElo "1391"]
[BlackElo "1694"]
[PlyCount "63"]
[EventDate "2016.08.18"]

1. d4 Nf6 2. c4 e6 3. Nf3 b6 4. g3 Bb7 5. Bg2 Bb4+ 6. Bd2 Bxd2+ 7. Nbxd2 O-O 8.
O-O d5 9. e3 Qe7 10. Qc2 c5 11. Rfd1 Rc8 12. b3 Nbd7 13. Ne1 Rc7 14. Rac1 Rac8
15. Qb2 e5 16. Nd3 e4 17. Nf4 cxd4 18. exd4 Nf8 19. cxd5 e3 20. Nc4 exf2+ 21.
Qxf2 Qd8 22. d6 Rxc4 23. bxc4 Bxg2 24. Qxg2 Qxd6 25. c5 bxc5 26. dxc5 Qc7 27.
c6 Ng4 28. Nd5 Qe5 29. Qf3 Qg5 30. h4 Qh5 31. Ne7+ Kh8 32. Nxc8 1-0

[Event "European Youth Chess Championship G10"]
[Site "Prague, Top Hotel Prague"]
[Date "2016.08.21"]
[Round "4.4"]
[White "Gaal, Zsoka"]
[Black "Mihelic, Vesna"]
[Result "1-0"]
[WhiteElo "1792"]
[BlackElo "1412"]
[PlyCount "115"]
[EventDate "2016.08.18"]

1. d4 Nf6 2. Nf3 e6 3. g3 b5 4. Bg2 Bb7 5. O-O Be7 6. Nbd2 O-O 7. c4 bxc4 8.
Nxc4 c5 9. Bf4 cxd4 10. Nxd4 Bxg2 11. Kxg2 Nd5 12. Bd2 Bb4 13. Bxb4 Nxb4 14. a3
Nd5 15. e4 Nb6 16. Nd6 Nc6 17. Nxc6 dxc6 18. Rc1 Qf6 19. b4 Rfd8 20. Re1 e5 21.
Rxc6 Nc8 22. Ne8 Qe7 23. Nf6+ Qxf6 24. Qc2 Qe7 25. Rc7 Rd7 26. Rxc8+ Rxc8 27.
Qxc8+ Rd8 28. Qc5 Qxc5 29. bxc5 Rc8 30. Rc1 Rc6 31. Kf3 Kf8 32. Ke3 Ke7 33. Kd3
Kd7 34. Kc4 f6 35. f4 Re6 36. Rd1+ Kc7 37. f5 Ra6 38. Rd3 Ra4+ 39. Kd5 Ra6 40.
Rc3 Ra4 41. Rd3 Ra6 42. g4 h6 43. h4 Ra4 44. g5 hxg5 45. hxg5 Kd7 46. gxf6 gxf6
47. c6+ Kc7 48. Rb3 Rd4+ 49. Kc5 Ra4 50. Rb7+ Kc8 51. Rf7 Rxa3 52. Rxf6 a5 53.
Rf8+ Kc7 54. Ra8 Rc3+ 55. Kd5 Rxc6 56. Rxa5 Kb6 57. Ra6+ Kxa6 58. Kxc6 1-0

[Event "European Youth Chess Championship G10"]
[Site "Prague, Top Hotel Prague"]
[Date "2016.08.21"]
[Round "4.5"]
[White "Nguyen, Phuong Thao Vivien"]
[Black "Zavivaeva, Emilia"]
[Result "0-1"]
[WhiteElo "1578"]
[BlackElo "1443"]
[PlyCount "92"]
[EventDate "2016.08.18"]

1. e4 e6 2. d3 d5 3. Nd2 c5 4. Ngf3 Nc6 5. g3 Bd6 6. Bg2 Nge7 7. O-O O-O 8. Nh4
Qc7 9. f4 f6 10. Re1 d4 11. Nc4 Bd7 12. Nf3 Ng6 13. Nxd6 Qxd6 14. e5 fxe5 15.
fxe5 Qc7 16. Bd2 b5 17. c3 Rad8 18. cxd4 Nxd4 19. Nxd4 cxd4 20. Bb4 Rf7 21. Rc1
Qb6 22. Bc5 Qa6 23. Bxd4 Be8 24. Bc3 Qb6+ 25. Kh1 Rfd7 26. Be4 b4 27. Bd2 Nxe5
28. Bg5 Rb8 29. Bf4 Nxd3 30. Bxd3 Rbd8 31. Bc7 Qb7+ 32. Kg1 Rxc7 33. Bxh7+ Kxh7
34. Qxd8 Qb6+ 35. Kg2 Rc2+ 36. Kh3 Qxd8 37. Rxc2 Bg6 38. Rce2 Qd5 39. Re5 Bf5+
40. Rxf5 Qxf5+ 41. Kh4 g5+ 42. Kh5 g4+ 43. Kh4 Kh6 44. Rxe6+ Qxe6 45. a3 Qg6
46. h3 Qg5# 0-1